书目信息 |
| 题名: |
基于分形理论和GIS的黄土高原流域地貌形态量化及应用研究
|
|
| 作者: | 崔灵周 , 朱永清 , 李占斌 著 | |
| 分册: | ||
| 出版信息: | 郑州 黄河水利出版社 2006.11 |
|
| 页数: | 200页 | |
| 开本: | 26cm | |
| 丛书名: | ||
| 单 册: | ||
| 中图分类: | P931.6 | |
| 科图分类: | ||
| 主题词: | ||
| 电子资源: | ||
| ISBN: | 7-80734-141-6 | |
| 000 | 01298nam0 2200277 450 | |
| 001 | 012007411564 | |
| 005 | 20070619113041.70 | |
| 010 | @a7-80734-141-6@dCNY35.00 | |
| 100 | @a20070508d2006 km y0chiy0120 ea | |
| 101 | 0 | @achi |
| 102 | @aCN@b410000 | |
| 105 | @aa z 000yy | |
| 200 | 1 | @a基于分形理论和GIS的黄土高原流域地貌形态量化及应用研究@Aji yu fen xing li lun he GIS de huang tu gao yuan liu yu di mao xing tai liang hua ji ying yong yan jiu@f崔灵周, 朱永清, 李占斌著@Fcui ling zhou,zhu yong qing,li zhan bin zhu |
| 210 | @a郑州@c黄河水利出版社@d2006.11 | |
| 215 | @a200页@c图@d26cm | |
| 300 | @a国家自然科学基金项目 (No.40301026) 中国博士后科学基金项目 (No.2003033518) | |
| 312 | @a英文并列题名取自封面。 | |
| 330 | @a本书以小流域模型模拟试验为切入点,结合分形理论、GIS技术和高精度近景摄影测量,对流域地貌形态分形信息盒维数测算方法及GIS软件开发等进行了初步分析和探讨。 | |
| 510 | 1 | @aApplied research on quantification of geomorphologic characteristics of watershed in loess plateau based on fractal theory and GIS@zeng |
| 607 | @a黄土高原@Ahuang tu gao yuan@x黄土地貌@x研究 | |
| 690 | @aP931.6@v4 | |
| 701 | 0 | @a崔灵周@Acui ling zhou@4著 |
| 701 | 0 | @a朱永清@Azhu yong qing@4著 |
| 701 | 0 | @a李占斌@Ali zhan bin@4著 |
| 801 | 0 | @aCN@c20070619 |
| 905 | @a10447@dP931.6@eC971 | |
| 基于分形理论和GIS的黄土高原流域地貌形态量化及应用研究/崔灵周, 朱永清, 李占斌著.-郑州:黄河水利出版社,2006.11 |
| 200页:图;26cm |
| 国家自然科学基金项目 (No.40301026) 中国博士后科学基金项目 (No.2003033518) |
| ISBN 7-80734-141-6:CNY35.00 |
| 本书以小流域模型模拟试验为切入点,结合分形理论、GIS技术和高精度近景摄影测量,对流域地貌形态分形信息盒维数测算方法及GIS软件开发等进行了初步分析和探讨。 |
| ● |
| 相关链接 |
|
|
|
正题名:基于分形理论和GIS的黄土高原流域地貌形态
索取号:P931.6/C971
 
预约/预借
| 序号 | 登录号 | 条形码 | 馆藏地/架位号 | 状态 | 备注 |
| 1 | 242738 | 202427383 | 期刊室512/401自科库 131排2列3层/ [索取号:P931.6/C971] | 在馆 | |
| 2 | 242739 | 202427392 | 自科库401/401自科库 135排1列5层/ [索取号:P931.6/C971] | 在馆 |